Harry Potter: les Gobelins - Statistiques

Statistiques générales
  • Ce quiz a été pris 83 fois
    64 depuis la dernière actualisation
  • Le résultat moyen est 6 sur 12
Statistiques - réponses
Information Réponse % Correct
Première apparition Harry Potter à l'école des sorciers
86%
Gobelin connu Gripsec
82%
Derniere apparition Harry Potter et les Reliques de la Mort
82%
Description Humanoïde, petits, doigts fins, oreilles pointues, pas de blanc dans les yeux
76%
Métier de beaucoup d'entre eux Employés à Gringotts
73%
Gobelin connu Bogrod
45%
Réalisation connue Epée de Gryffondor
41%
Hybride connu Filius Flitwick
37%
Langue parlée Gobelbabil
37%
Statut Etre
35%
Aptitudes Forger
18%
Gobelin connu Ragnuk Ier
14%
Aucun quiz correspondant
Distribution des résultats
% des personnes avec chaque résultat
Percentile par nombre de réponses
Votre historique - résultats
Vous n’avez pas pris ce quiz depuis la dernière actualisation